Desarrollo de nuevos productos y empresas: Creatividad, innovación y marketing: Cómo generar, desarrollar e introducir con éxito nuevos productos, servicios o empresas / Alejandro Schnarch Kirberg (Registro nro. 27440)
[ vista simple ]
| 000 -LÍDER | |
|---|---|
| fixed length control field | 00588nam a2200145 4500 |
| 020 ## - NÚMERO INTERNACIONAL NORMALIZADO PARA LIBROS | |
| ISBN | 978-958-41-0394-9 |
| 050 ## - SIGNATURA TOPOGRAFICA DE LA BIBLIOTECA DEL CONGRESO (LC) | |
| Número de Clasificación | HF5415.153 S25 2009 |
| 082 ## - NUMERO DE CLASIFICACION DECIMAL DEWEY | |
| Número de Clasificación | 658.575 S357d 2009 |
| 100 ## - ASIENTO PRINCIPAL--NOMBRE PERSONAL | |
| Nombre personal | Schnarch Kirberg, Alejandro |
| 245 ## - TÍTULO | |
| Título | Desarrollo de nuevos productos y empresas: Creatividad, innovación y marketing: Cómo generar, desarrollar e introducir con éxito nuevos productos, servicios o empresas / Alejandro Schnarch Kirberg |
| 250 ## - MENCIÓN DE EDICIÓN | |
| Mención de edición | 5 |
| 260 ## - PUBLICACIÓN, DISTRIBUCIÓN, ETC. (PIE DE IMPRENTA) | |
| Lugar de publicación, distribución, etc. | Bogot : McGraw-Hill |
| 300 ## - DESCRIPCIÓN FÍSICA | |
| Extensión | xviii,409 p. / 23 cm. |
| 650 ## - ASIENTO SECUNDARIO DE MATERIA - TERMINO TEMÁTICO | |
| Término temático o nombre geográfico como elemento de entrada | 1. PRODUCTOS NUEVOS MERCADOTECNIA / 2. EMPRESAS MARKETING |
| No. biblioteca | No. biblioteca | Número de clasificación | Código de barras/Número de adquisición | Número de copia | Tipo de material |
|---|---|---|---|---|---|
| AREA DE ADMINISTRACIÓN | AREA DE ADMINISTRACIÓN | 658.575 S357d 2009 | 52399 | 4 | Libros |
| AREA DE ADMINISTRACIÓN | AREA DE ADMINISTRACIÓN | 658.575 S357d 2009 | 52400 | 5 | Libros |
| AREA DE ADMINISTRACIÓN | AREA DE ADMINISTRACIÓN | 658.575 S357d 2009 | 52401 | 6 | Libros |
| AREA DE ADMINISTRACIÓN | AREA DE ADMINISTRACIÓN | 658.575 S357d 2009 | 52402 | 7 | Libros |
| AREA DE ADMINISTRACIÓN | AREA DE ADMINISTRACIÓN | 658.575 S357d 2009 | 52403 | 8 | Libros |
| ÁREA DE INDUSTRIAL | ÁREA DE INDUSTRIAL | 658.575 S357d 2009 | 52206 | 1 | Libros |
| ÁREA DE INDUSTRIAL | ÁREA DE INDUSTRIAL | 658.575 S357d 2009 | 52207 | 2 | Libros |
| ÁREA DE INDUSTRIAL | ÁREA DE INDUSTRIAL | 658.575 S357d 2009 | 52208 | 3 | Libros |
